[Event "Madrid ch 2022-2023 Final"]
[Site "Madrid ESP"]
[Date "2023.05.25"]
[Round "4.9"]
[White "Carela Ferrer, Francisco Javier"]
[Black "Torres Boch, Jose Francisco"]
[Result "1-0"]
[WhiteElo "1869"]
[BlackElo "2139"]
[PlyCount "113"]
[EventDate "2023.05.22"]
[EventType "swiss"]
[EventRounds "7"]
[SourceTitle "Ajedrez en Madrid"]
[Source "lmi"]
[SourceDate "2023.05.22"]
[SourceVersion "1"]
[SourceVersionDate "2023.05.29"]
[SourceQuality "1"]

1. e4 c5 2. Nf3 d6 3. d4 cxd4 4. Nxd4 Nf6 5. Bd3 Nc6 6. Nxc6 bxc6 7. O-O g6 8.
c4 Bg7 9. Nc3 O-O 10. h3 Rb8 11. Rb1 Be6 12. Re1 Qa5 13. Qa4 Qxa4 14. Nxa4 Nd7
15. b3 Nb6 16. Nb2 c5 17. Nd1 a5 18. Ne3 Bd7 19. Nd5 e6 20. Ne3 a4 21. Rd1 axb3
22. axb3 Bc6 23. Bd2 Nd7 24. Bc2 Bd4 25. b4 Ne5 26. b5 Ba8 27. Ba5 Rfc8 28. Bd2
Bxe3 29. Bxe3 Nxc4 30. Bc1 d5 31. exd5 Bxd5 32. Bd3 Nb6 33. Bf4 Rb7 34. Ra1 c4
35. Bc2 Nd7 36. Rdb1 Kg7 37. f3 Kf6 38. Kf2 Nc5 39. b6 e5 40. Be3 Ke6 41. Ra5
Nb3 42. Rxd5 f5 43. Rb5 f4 44. Bc1 Nd4 45. Be4 Rbb8 46. Ra5 Nb3 47. Ra6 Rd8 48.
b7+ Rd6 49. Ra8 Rdd8 50. Rxb8 Rxb8 51. g3 fxg3+ 52. Kxg3 Kd6 53. Ba3+ Kc7 54.
Rd1 Nd4 55. Kf2 c3 56. Rc1 c2 57. Bc5 1-0

[Event "Madrid ch 2022-2023 Final"]
[Site "Madrid ESP"]
[Date "2023.05.25"]
[Round "4.10"]
[White "Ruiz Vazquez, Javier"]
[Black "Gaibor Gallardo, Gonzalo"]
[Result "1-0"]
[WhiteElo "1983"]
[BlackElo "1923"]
[PlyCount "123"]
[EventDate "2023.05.22"]
[EventType "swiss"]
[EventRounds "7"]
[SourceTitle "Ajedrez en Madrid"]
[Source "lmi"]
[SourceDate "2023.05.22"]
[SourceVersion "1"]
[SourceVersionDate "2023.05.29"]
[SourceQuality "1"]

1. e4 c6 2. Nf3 d5 3. Nc3 Bg4 4. h3 Bxf3 5. Qxf3 e6 6. exd5 cxd5 7. b3 Nf6 8.
Bb2 Be7 9. g4 h6 10. O-O-O Nc6 11. Qg2 d4 12. Ne4 Nd5 13. Kb1 Qa5 14. Qf3 Ba3
15. Ba1 Be7 16. Bb2 Ncb4 17. a3 Rc8 18. c3 dxc3 19. dxc3 Nc6 20. b4 Qa4 21. Qe2
a5 22. Rxd5 exd5 23. Nd6+ Kd7 24. Nxc8 Rxc8 25. Qd3 Qb3 26. Bg2 d4 27. Qf5+ Qe6
28. Qxe6+ Kxe6 29. cxd4 Kd6 30. Rc1 axb4 31. axb4 Ra8 32. b5 Nd8 33. Rc3 Kd7
34. Be4 g6 35. f4 Ra4 36. Rb3 Bf6 37. f5 g5 38. Kc2 Kc7 39. Kd3 Be7 40. Bd5 Kb6
41. Bc4 f6 42. Rc3 Ra8 43. Rc2 Rc8 44. Bc3 Kc7 45. Re2 Kd7 46. Ra2 Kc7 47. Ra1
Rb8 48. Rb1 Kb6 49. Re1 Bd6 50. Re8 Kc7 51. Rh8 Ra8 52. Rh7+ Kb6 53. Rxh6 Be7
54. Rh7 Bd6 55. h4 gxh4 56. Rxh4 Ra3 57. Kc2 Bf4 58. Rh8 Ra8 59. Bb4 Rc8 60.
Kb3 Rb8 61. Bc5+ Ka5 62. Rh1 1-0

[Event "Madrid ch 2022-2023 Final"]
[Site "Madrid ESP"]
[Date "2023.05.25"]
[Round "4.11"]
[White "Torres Rebolledo, Alvaro"]
[Black "Martinez Garcia, Ruben"]
[Result "1-0"]
[WhiteElo "2082"]
[BlackElo "2030"]
[PlyCount "119"]
[EventDate "2023.05.22"]
[EventType "swiss"]
[EventRounds "7"]
[SourceTitle "Ajedrez en Madrid"]
[Source "lmi"]
[SourceDate "2023.05.22"]
[SourceVersion "1"]
[SourceVersionDate "2023.05.29"]
[SourceQuality "1"]

1. e4 c5 2. c3 Nf6 3. e5 Nd5 4. d4 cxd4 5. Nf3 Nc6 6. cxd4 d6 7. Bc4 Nb6 8. Bb5
dxe5 9. Nxe5 Bd7 10. Nxd7 Qxd7 11. Nc3 e6 12. O-O Be7 13. Qg4 O-O 14. Bxc6 bxc6
15. Bh6 Bf6 16. Rfd1 e5 17. Qxd7 Nxd7 18. Be3 Rab8 19. b3 Nb6 20. Ne4 Rfd8 21.
Rac1 Rbc8 22. g4 Nd5 23. g5 exd4 24. Bxd4 Bxd4 25. Rxd4 Nf4 26. Rxd8+ Rxd8 27.
Ng3 Nh3+ 28. Kg2 Nxg5 29. Rxc6 g6 30. Rc7 Ra8 31. b4 Ne6 32. Rb7 a5 33. b5 Nf4+
34. Kf3 Nd5 35. Ke4 Nc3+ 36. Kd4 Nxa2 37. b6 Nb4 38. Kc5 Nd3+ 39. Kb5 Nxf2 40.
Ra7 Rb8 41. b7 Kg7 42. Kb6 f5 43. Ra8 Rxb7+ 44. Kxb7 f4 45. Nf1 g5 46. Rxa5 Kg6
47. Kc6 h5 48. Kd5 Kf5 49. Kd4+ Kg4 50. Kc3 Kh3 51. Nd2 h4 52. Rxg5 Kxh2 53.
Kd4 Kh3 54. Ke5 Kh2 55. Nf3+ Kh3 56. Ng1+ Kh2 57. Kxf4 Nd3+ 58. Ke3 Nb4 59. Rg4
Nd5+ 60. Kf2 1-0

[Event "Madrid ch 2022-2023 Final"]
[Site "Madrid ESP"]
[Date "2023.05.26"]
[Round "5.1"]
[White "Plazuelo Pascual, Juan"]
[Black "Moreno Ruiz, Javier"]
[Result "1-0"]
[WhiteElo "2459"]
[BlackElo "2430"]
[PlyCount "153"]
[EventDate "2023.05.22"]
[EventType "swiss"]
[EventRounds "7"]
[SourceTitle "Ajedrez en Madrid"]
[Source "lmi"]
[SourceDate "2023.05.22"]
[SourceVersion "1"]
[SourceVersionDate "2023.05.29"]
[SourceQuality "1"]

1. e4 e6 2. d4 d5 3. Nc3 Bb4 4. e5 c5 5. a3 Bxc3+ 6. bxc3 Ne7 7. Qg4 O-O 8. Bd3
Nbc6 9. Bg5 Qa5 10. Ne2 Qa4 11. O-O Nxe5 12. Bxh7+ Kxh7 13. Qh5+ Kg8 14. Bxe7
Re8 15. Qxe5 Rxe7 16. Nf4 f6 17. Qe3 cxd4 18. cxd4 Re8 19. Rfe1 Bd7 20. Qg3 Re7
21. Nxd5 Rf7 22. Nc7 Rc8 23. Qd6 Qxc2 24. Nxe6 Qc6 25. Qxc6 Bxc6 26. Rac1 Re8
27. Nc5 Rfe7 28. Rxe7 Rxe7 29. h3 Re2 30. Rd1 Bd5 31. Nd3 Bb3 32. Rc1 Rd2 33.
Rc8+ Kh7 34. Nc5 Bd5 35. Rd8 Bc6 36. Ne6 g5 37. Nc7 Kg6 38. d5 Kf7 39. Rb8 Bxd5
40. Nxd5 Rxd5 41. Rxb7+ Kg6 42. Rxa7 Rd1+ 43. Kh2 Rd2 44. Kg1 Rd1+ 45. Kh2 Rd2
46. Kg3 Rd3+ 47. f3 Rd2 48. Ra4 Ra2 49. h4 f5 50. Ra6+ Kh5 51. hxg5 Kxg5 52.
Ra5 Ra1 53. Ra4 Ra2 54. Kh2 Kh5 55. Kh3 Kg5 56. g3 Ra1 57. Ra5 Kf6 58. Ra6+ Kg7
59. Kh4 Rf1 60. f4 Rf3 61. a4 Ra3 62. a5 Kf7 63. Kg5 Rxg3+ 64. Kxf5 Rc3 65.
Ra7+ Kf8 66. a6 Rc6 67. Ke5 Rb6 68. f5 Rc6 69. Kf4 Rb6 70. Kg5 Rc6 71. f6 Rc1
72. Rb7 Rg1+ 73. Kf5 Rf1+ 74. Ke5 Re1+ 75. Kd4 Rd1+ 76. Kc3 Ra1 77. a7 1-0

[Event "Madrid ch 2022-2023 Final"]
[Site "Madrid ESP"]
[Date "2023.05.26"]
[Round "5.2"]
[White "Suarez Uriel, Adrian"]
[Black "Rey Martinez, Jaime"]
[Result "0-1"]
[WhiteElo "2371"]
[BlackElo "2217"]
[PlyCount "40"]
[EventDate "2023.05.22"]
[EventType "swiss"]
[EventRounds "7"]
[SourceTitle "Ajedrez en Madrid"]
[Source "lmi"]
[SourceDate "2023.05.22"]
[SourceVersion "1"]
[SourceVersionDate "2023.05.29"]
[SourceQuality "1"]

1. e4 c5 2. Nc3 Nc6 3. Bb5 Nd4 4. Nf3 a6 5. Bd3 e6 6. O-O Ne7 7. Nxd4 cxd4 8.
Ne2 Nc6 9. c3 d5 10. cxd4 dxe4 11. Bxe4 Nxd4 12. Qa4+ Nb5 13. d4 Bd6 14. Qc2
Qc7 15. Qd3 Bxh2+ 16. Kh1 Bd6 17. a4 Qe7 18. g3 Nc7 19. Nc3 f5 20. Bxf5 exf5
0-1

[Event "Madrid ch 2022-2023 Final"]
[Site "Madrid ESP"]
[Date "2023.05.26"]
[Round "5.3"]
[White "De La Puerta Cresis, Javier"]
[Black "Neagu, Roberto Florin"]
[Result "0-1"]
[WhiteElo "2138"]
[BlackElo "2278"]
[PlyCount "86"]
[EventDate "2023.05.22"]
[EventType "swiss"]
[EventRounds "7"]
[SourceTitle "Ajedrez en Madrid"]
[Source "lmi"]
[SourceDate "2023.05.22"]
[SourceVersion "1"]
[SourceVersionDate "2023.05.29"]
[SourceQuality "1"]

1. d4 Nf6 2. c4 e6 3. Nc3 Bb4 4. Qc2 O-O 5. e4 d5 6. e5 Ne4 7. Bd3 c5 8. Nge2
cxd4 9. Nxd4 Nd7 10. Bf4 Ndc5 11. O-O Nxd3 12. Qxd3 Bxc3 13. bxc3 Nc5 14. Qg3
Ne4 15. Qd3 b6 16. cxd5 Qxd5 17. c4 Nc5 18. Qxh7+ Kxh7 19. cxd5 Ba6 20. Rfd1
exd5 21. a4 Bc4 22. Ra3 Rfe8 23. Rg3 a6 24. Nf5 Ne6 25. Bc1 b5 26. Ba3 Ra7 27.
f4 f6 28. Nd6 Rb8 29. f5 Nf4 30. Re3 fxe5 31. Rxe5 b4 32. Bb2 Nd3 33. Bd4 Rd7
34. Re8 Rxe8 35. Nxe8 Re7 36. Nd6 Re2 37. g4 Nf4 38. Kh1 Rc2 39. g5 Be2 40. g6+
Kg8 41. Rb1 Bf3+ 42. Kg1 Nh3+ 43. Kf1 Rxh2 0-1

[Event "Madrid ch 2022-2023 Final"]
[Site "Madrid ESP"]
[Date "2023.05.26"]
[Round "5.4"]
[White "Martinez Fernandez, Raul"]
[Black "Lazaro Azcutia, Miguel"]
[Result "1/2-1/2"]
[WhiteElo "2190"]
[BlackElo "1953"]
[PlyCount "72"]
[EventDate "2023.05.22"]
[EventType "swiss"]
[EventRounds "7"]
[SourceTitle "Ajedrez en Madrid"]
[Source "lmi"]
[SourceDate "2023.05.22"]
[SourceVersion "1"]
[SourceVersionDate "2023.05.29"]
[SourceQuality "1"]

1. e4 e5 2. Nf3 Nc6 3. d4 exd4 4. Nxd4 Nf6 5. Nxc6 bxc6 6. e5 Qe7 7. Qe2 Nd5 8.
c4 Nb6 9. Nc3 a5 10. f4 Ba6 11. Qf3 g6 12. c5 Qxc5 13. Ne4 Qd4 14. Nf6+ Kd8 15.
Bxa6 Bb4+ 16. Ke2 Rxa6 17. Rd1 Qc4+ 18. Kf2 Be7 19. Ne4 Nd5 20. b3 Qb5 21. Bb2
Rf8 22. a4 Qb8 23. Bd4 Kc8 24. Rac1 Rd8 25. Bc5 Bxc5+ 26. Nxc5 Rb6 27. Kg1 Rb4
28. g3 Qb6 29. Kh1 Ne7 30. Rc3 Nd5 31. Rc2 Kb8 32. Qg4 Ne3 33. Nxd7+ Rxd7 34.
Qxd7 Nxc2 35. Qe8+ Ka7 36. Qxf7 Rd4 1/2-1/2

[Event "Madrid ch 2022-2023 Final"]
[Site "Madrid ESP"]
[Date "2023.05.26"]
[Round "5.5"]
[White "Horcajuelo Rocamora, Martin"]
[Black "Carela Ferrer, Francisco Javier"]
[Result "1-0"]
[WhiteElo "2274"]
[BlackElo "1869"]
[PlyCount "77"]
[EventDate "2023.05.22"]
[EventType "swiss"]
[EventRounds "7"]
[SourceTitle "Ajedrez en Madrid"]
[Source "lmi"]
[SourceDate "2023.05.22"]
[SourceVersion "1"]
[SourceVersionDate "2023.05.29"]
[SourceQuality "1"]

1. d4 Nf6 2. c4 g6 3. Nc3 Bg7 4. e4 d6 5. Be2 O-O 6. Be3 c5 7. d5 b5 8. cxb5 a6
9. a4 Qa5 10. Bd2 axb5 11. Nxb5 Qd8 12. Qc2 Ba6 13. Nf3 Bxb5 14. Bxb5 Qb6 15.
O-O Na6 16. Bc3 Rfc8 17. Nd2 Nb4 18. Qb3 Na6 19. Nc4 Qa7 20. Rfe1 Nc7 21. Bc6
Rab8 22. Qc2 Na6 23. Qd2 Nb4 24. Bb5 Na6 25. Na5 Qa8 26. Nc6 Rb7 27. Qd3 Nb8
28. e5 dxe5 29. Bxe5 Nxc6 30. Bxc6 Qa7 31. Bxb7 Qxb7 32. Qb5 Qxd5 33. Rad1 Qa8
34. a5 Nd5 35. Bxg7 Kxg7 36. a6 e6 37. Rc1 Rb8 38. Qa5 Rxb2 39. Qa1 1-0

[Event "Madrid ch 2022-2023 Final"]
[Site "Madrid ESP"]
[Date "2023.05.26"]
[Round "5.6"]
[White "Longa Yauca, Javier"]
[Black "Barraza Caracuel, Ignacio"]
[Result "1/2-1/2"]
[WhiteElo "2216"]
[BlackElo "2042"]
[PlyCount "128"]
[EventDate "2023.05.22"]
[EventType "swiss"]
[EventRounds "7"]
[SourceTitle "Ajedrez en Madrid"]
[Source "lmi"]
[SourceDate "2023.05.22"]
[SourceVersion "1"]
[SourceVersionDate "2023.05.29"]
[SourceQuality "1"]

1. c4 e5 2. Nc3 Nc6 3. g3 g6 4. Bg2 Bg7 5. d3 Nge7 6. e3 d6 7. Nge2 O-O 8. O-O
Bd7 9. a3 a5 10. Rb1 Qc8 11. b4 axb4 12. axb4 Bh3 13. b5 Bxg2 14. Kxg2 Nd8 15.
e4 Ne6 16. f4 exf4 17. gxf4 f5 18. Be3 Qd7 19. Nd5 Ra3 20. Rb3 Ra2 21. Rf2 b6
22. Nb4 Raa8 23. Nc2 Nc5 24. Bxc5 bxc5 25. Qd2 Ra2 26. Nc1 Ra4 27. Qe2 Qe6 28.
exf5 Qxe2 29. Nxe2 Nxf5 30. Ng3 Nd4 31. Nxd4 Bxd4 32. Rf1 Ra2+ 33. Kh3 Rd2 34.
Ra3 Rf7 35. Ne4 Re2 36. b6 cxb6 37. Nxd6 Rd7 38. Ne4 Re3+ 39. Kg2 Kg7 40. Ng3
Bf6 41. Rf3 Re1 42. Rb3 Rd1 43. Ne4 Bd8 44. Nf2 Rd2 45. Kg3 Re7 46. Ne4 Ra2 47.
h4 Bc7 48. Nc3 Rc2 49. Nd5 Ree2 50. Re3 Rxe3+ 51. Nxe3 Rd2 52. Kf3 Bd8 53. h5
gxh5 54. Ke4 h4 55. Rb1 h3 56. Rg1+ Kf7 57. Rg3 h2 58. Rh3 Re2 59. Kf3 Rd2 60.
Rxh7+ Kg6 61. Rh3 Bf6 62. Ke4 Re2 63. Kf3 Rd2 64. Ke4 Re2 1/2-1/2

[Event "Madrid ch 2022-2023 Final"]
[Site "Madrid ESP"]
[Date "2023.05.26"]
[Round "5.7"]
[White "Nuñez Miranda, Adrian"]
[Black "Ruiz Vazquez, Javier"]
[Result "0-1"]
[WhiteElo "2127"]
[BlackElo "1983"]
[PlyCount "94"]
[EventDate "2023.05.22"]
[EventType "swiss"]
[EventRounds "7"]
[SourceTitle "Ajedrez en Madrid"]
[Source "lmi"]
[SourceDate "2023.05.22"]
[SourceVersion "1"]
[SourceVersionDate "2023.05.29"]
[SourceQuality "1"]

1. e4 c5 2. Nf3 d6 3. d4 cxd4 4. Qxd4 Nc6 5. Bb5 Bd7 6. Bxc6 Bxc6 7. Nc3 Nf6 8.
Bg5 Qa5 9. O-O-O h6 10. Bxf6 gxf6 11. Kb1 Rg8 12. Nd5 O-O-O 13. b4 Qa4 14. Qb2
Qa6 15. Nd4 Bxd5 16. exd5 Qc4 17. b5 Rxg2 18. Rd3 Kd7 19. Qa3 Qc5 20. Qa4 Qb6
21. Nf5 Rxf2 22. Ne3 Kc8 23. Nc4 Qc5 24. Rc3 Kb8 25. b6 a6 26. Re1 Rc8 27. Ree3
Rf4 28. Nb2 Rf1+ 29. Nd1 Rxd1+ 30. Kb2 Qxb6+ 31. Ka3 Rxc3+ 32. Rxc3 Rxd5 33.
Qe8+ Ka7 34. Rb3 Ra5+ 35. Kb2 Qd4+ 36. Kb1 Bg7 37. Qxe7 Qd1+ 38. Kb2 f5+ 39. c3
Qd2+ 40. Kb1 Qxa2+ 41. Kc1 Qxb3 42. Qe3+ Qb6 43. Qg3 Ra1+ 44. Kd2 Qb2+ 45. Ke3
Qxc3+ 46. Kf4 Ra4+ 47. Kxf5 Qf6# 0-1

[Event "Madrid ch 2022-2023 Final"]
[Site "Madrid ESP"]
[Date "2023.05.26"]
[Round "5.8"]
[White "Rodriguez Avila, Alvaro"]
[Black "Fernandez Rosado, Roberto"]
[Result "0-1"]
[WhiteElo "2114"]
[BlackElo "2126"]
[PlyCount "78"]
[EventDate "2023.05.22"]
[EventType "swiss"]
[EventRounds "7"]
[SourceTitle "Ajedrez en Madrid"]
[Source "lmi"]
[SourceDate "2023.05.22"]
[SourceVersion "1"]
[SourceVersionDate "2023.05.29"]
[SourceQuality "1"]

1. e4 e5 2. Nf3 Nc6 3. Bb5 a6 4. Ba4 Nf6 5. O-O Be7 6. Re1 b5 7. Bb3 d6 8. c3
O-O 9. h3 Na5 10. Bc2 c5 11. d4 Qc7 12. d5 Re8 13. Nbd2 Bf8 14. Nf1 g6 15. b3
Bg7 16. Ng3 Bd7 17. Nh2 Nb7 18. Qf3 a5 19. Bg5 Qd8 20. c4 h6 21. Bd2 b4 22. h4
a4 23. bxa4 Bxa4 24. Bxa4 Rxa4 25. h5 Qe7 26. Rec1 Ra3 27. Be3 Rea8 28. Rab1
Rxa2 29. Ng4 Nxg4 30. Qxg4 Kh7 31. Qh3 Na5 32. f4 Ra3 33. Kf2 exf4 34. hxg6+
fxg6 35. Bxf4 Rf8 36. Qg4 h5 37. Rh1 Rxg3 38. Kxg3 Rxf4 39. Kxf4 Bh6+ 0-1

[Event "Madrid ch 2022-2023 Final"]
[Site "Madrid ESP"]
[Date "2023.05.26"]
[Round "5.9"]
[White "Gaibor Gallardo, Gonzalo"]
[Black "Torres Rebolledo, Alvaro"]
[Result "1-0"]
[WhiteElo "1923"]
[BlackElo "2082"]
[PlyCount "143"]
[EventDate "2023.05.22"]
[EventType "swiss"]
[EventRounds "7"]
[SourceTitle "Ajedrez en Madrid"]
[Source "lmi"]
[SourceDate "2023.05.22"]
[SourceVersion "1"]
[SourceVersionDate "2023.05.29"]
[SourceQuality "1"]

1. d4 Nf6 2. c4 e6 3. Nf3 b6 4. g3 Bb7 5. Bg2 Be7 6. Nc3 O-O 7. Qc2 d5 8. cxd5
exd5 9. O-O Nbd7 10. Rd1 Re8 11. Ne5 Bd6 12. Nc4 Bb4 13. Ne3 Bxc3 14. bxc3 b5
15. Rb1 c6 16. Nf5 Nb6 17. f3 Bc8 18. Nh4 h6 19. Rf1 Nc4 20. e4 g5 21. e5 gxh4
22. Bxh6 Nh7 23. Rbe1 h3 24. Bh1 Qb6 25. Bc1 c5 26. Qd3 cxd4 27. cxd4 Rxe5 28.
Rxe5 Nxe5 29. Qe3 Ng6 30. f4 Bf5 31. g4 Be4 32. f5 Ngf8 33. f6 Bxh1 34. Kxh1
Qe6 35. Qxh3 Qe4+ 36. Kg1 Rc8 37. g5 Rc2 38. Qg3 Ng6 39. Re1 Rg2+ 40. Qxg2
Qxe1+ 41. Qf1 Qxf1+ 42. Kxf1 Kf8 43. Ke2 Ke8 44. Kf3 Kd7 45. Kg4 Ngf8 46. h4
Ke6 47. Ba3 Nd7 48. Be7 a5 49. h5 b4 50. Kf4 Nb6 51. Kg4 Nc8 52. Bc5 Nd6 53.
Bxd6 Kxd6 54. Kf5 Nxg5 55. Kxg5 a4 56. h6 b3 57. axb3 a3 58. h7 a2 59. h8=Q
a1=Q 60. Qd8+ Kc6 61. Qc8+ Kb6 62. Qc5+ Kb7 63. Qxd5+ Kc8 64. Qxf7 Qg1+ 65. Kh6
Qh2+ 66. Kg7 Qg3+ 67. Kf8 Qd6+ 68. Kg8 Qg3+ 69. Qg7 Qxb3+ 70. f7 Qe6 71. Kh8
Qh3+ 72. Qh7 1-0

[Event "Madrid ch 2022-2023 Final"]
[Site "Madrid ESP"]
[Date "2023.05.26"]
[Round "5.10"]
[White "Rodriguez Melendez, Juan Humbert"]
[Black "Lozano Freras, Sergio"]
[Result "1/2-1/2"]
[WhiteElo "2069"]
[BlackElo "1971"]
[PlyCount "147"]
[EventDate "2023.05.22"]
[EventType "swiss"]
[EventRounds "7"]
[SourceTitle "Ajedrez en Madrid"]
[Source "lmi"]
[SourceDate "2023.05.22"]
[SourceVersion "1"]
[SourceVersionDate "2023.05.29"]
[SourceQuality "1"]

1. e4 d6 2. d4 Nf6 3. Nc3 e5 4. Nf3 Nbd7 5. Bc4 Be7 6. O-O O-O 7. Re1 c6 8. a4
h6 9. h3 Re8 10. a5 Qc7 11. Qd3 exd4 12. Qxd4 Ne5 13. Be2 Bf8 14. Bf4 Bd7 15.
Bh2 c5 16. Qd1 Nxf3+ 17. Bxf3 Bc6 18. Qd3 Re6 19. Bg4 Nxg4 20. hxg4 Qe7 21. f3
g6 22. Red1 Rd8 23. Nd5 Bxd5 24. Qxd5 Bg7 25. c3 Be5 26. a6 Bxh2+ 27. Kxh2 b6
28. Kg1 Re5 29. Qd2 Kg7 30. c4 h5 31. gxh5 Rxh5 32. Qf4 Rh4 33. Qg3 Qf6 34. Rd2
Rdh8 35. Re1 Rh1+ 36. Kf2 Rxe1 37. Kxe1 Rh1+ 38. Ke2 Rb1 39. Qxd6 Qxd6 40. Rxd6
Rxb2+ 41. Rd2 Rb4 42. Rd7 Rxc4 43. Rxa7 Ra4 44. e5 Kf8 45. Ke3 b5 46. f4 b4 47.
g4 b3 48. Rb7 Rxa6 49. Rxb3 f6 50. exf6 Rxf6 51. Rb8+ Ke7 52. Rb7+ Kd8 53. Ke4
c4 54. Rb4 c3 55. Rc4 Re6+ 56. Kd4 Ke7 57. Rxc3 Kf6 58. Kd5 Re1 59. Rc6+ Kg7
60. g5 Rd1+ 61. Ke4 Re1+ 62. Kf3 Rf1+ 63. Kg3 Rg1+ 64. Kf2 Rb1 65. Rc7+ Kg8 66.
Ke3 Rb4 67. Rd7 Rb1 68. Ke4 Re1+ 69. Kd5 Re2 70. Kd6 Re4 71. Rd8+ Kg7 72. Rd7+
Kg8 73. Rd8+ Kg7 74. Rd7+ 1/2-1/2

[Event "Madrid ch 2022-2023 Final"]
[Site "Madrid ESP"]
[Date "2023.05.27"]
[Round "6.1"]
[White "Ruiz Vazquez, Javier"]
[Black "Plazuelo Pascual, Juan"]
[Result "0-1"]
[WhiteElo "1983"]
[BlackElo "2459"]
[PlyCount "70"]
[EventDate "2023.05.22"]
[EventType "swiss"]
[EventRounds "7"]
[SourceTitle "Ajedrez en Madrid"]
[Source "lmi"]
[SourceDate "2023.05.22"]
[SourceVersion "1"]
[SourceVersionDate "2023.05.29"]
[SourceQuality "1"]

1. e4 c5 2. Nf3 d6 3. d4 cxd4 4. Nxd4 Nf6 5. Nc3 a6 6. f3 e5 7. Nb3 Be7 8. Be3
Be6 9. Qd2 h5 10. O-O-O Nbd7 11. Kb1 Rc8 12. Nd5 Bxd5 13. exd5 Nb6 14. Qa5 Qc7
15. c3 Bd8 16. Bxb6 Qxb6 17. Qa4+ Kf8 18. Bd3 g6 19. Bc2 Kg7 20. h4 Qc7 21. Qb4
Qb6 22. Qa4 Qc7 23. Qb4 b5 24. a4 Rb8 25. axb5 Rxb5 26. Qa4 Nxd5 27. Qxa6 Qc4
28. Qa3 Be7 29. Rhe1 Rhb8 30. Ka1 Rxb3 31. Bxb3 Rxb3 32. Qa5 Rb5 33. Qa3 f5 34.
Rc1 Rb6 35. Kb1 Ra6 0-1

[Event "Madrid ch 2022-2023 Final"]
[Site "Madrid ESP"]
[Date "2023.05.27"]
[Round "6.2"]
[White "Neagu, Roberto Florin"]
[Black "Rey Martinez, Jaime"]
[Result "1/2-1/2"]
[WhiteElo "2278"]
[BlackElo "2217"]
[PlyCount "31"]
[EventDate "2023.05.22"]
[EventType "swiss"]
[EventRounds "7"]
[SourceTitle "Ajedrez en Madrid"]
[Source "lmi"]
[SourceDate "2023.05.22"]
[SourceVersion "1"]
[SourceVersionDate "2023.05.29"]
[SourceQuality "1"]

1. c4 c5 2. g3 g6 3. Bg2 Bg7 4. Nc3 Nc6 5. Nf3 e6 6. O-O Nge7 7. d4 cxd4 8. Nb5
d5 9. cxd5 Nxd5 10. Nbxd4 Nxd4 11. Nxd4 O-O 12. Nc2 Nb6 13. e4 Bd7 14. Qe2 Rc8
15. Ne3 Qc7 16. Rd1 1/2-1/2

[Event "Madrid ch 2022-2023 Final"]
[Site "Madrid ESP"]
[Date "2023.05.27"]
[Round "6.3"]
[White "Suarez Uriel, Adrian"]
[Black "Martinez Fernandez, Raul"]
[Result "0-1"]
[WhiteElo "2371"]
[BlackElo "2190"]
[PlyCount "64"]
[EventDate "2023.05.22"]
[EventType "swiss"]
[EventRounds "7"]
[SourceTitle "Ajedrez en Madrid"]
[Source "lmi"]
[SourceDate "2023.05.22"]
[SourceVersion "1"]
[SourceVersionDate "2023.05.29"]
[SourceQuality "1"]

1. e4 e5 2. Nf3 Nc6 3. Bc4 Nf6 4. d3 Bc5 5. O-O O-O 6. h3 d6 7. c3 a5 8. a4 Bb6
9. Re1 Ne7 10. d4 Ng6 11. Nbd2 c6 12. Bb3 h6 13. Nf1 Qc7 14. Ng3 Be6 15. Bxe6
fxe6 16. dxe5 dxe5 17. Qb3 Rae8 18. Be3 Bxe3 19. Rxe3 Nf4 20. Rd1 Rf7 21. Nd2
Rd7 22. Nc4 Red8 23. Rxd7 Nxd7 24. Qa3 Nb6 25. Nxa5 Rd1+ 26. Kh2 Qd7 27. b3 Qd2
28. Nh1 Rxh1+ 29. Kxh1 Qxf2 30. Rg3 Qxg3 31. Qb2 Qe1+ 32. Kh2 Ne2 0-1

[Event "Madrid ch 2022-2023 Final"]
[Site "Madrid ESP"]
[Date "2023.05.27"]
[Round "6.4"]
[White "Lazaro Azcutia, Miguel"]
[Black "Horcajuelo Rocamora, Martin"]
[Result "0-1"]
[WhiteElo "1953"]
[BlackElo "2274"]
[PlyCount "132"]
[EventDate "2023.05.22"]
[EventType "swiss"]
[EventRounds "7"]
[SourceTitle "Ajedrez en Madrid"]
[Source "lmi"]
[SourceDate "2023.05.22"]
[SourceVersion "1"]
[SourceVersionDate "2023.05.29"]
[SourceQuality "1"]

1. e4 c5 2. Nf3 d6 3. d4 cxd4 4. Nxd4 Nf6 5. Nc3 a6 6. Bg5 e6 7. f4 h6 8. Bh4
Qb6 9. a3 Be7 10. Bf2 Qc7 11. Qf3 Nc6 12. Nxc6 bxc6 13. O-O-O Rb8 14. Kb1 d5
15. Ka2 Qa5 16. Bd4 dxe4 17. Qe2 Bxa3 18. bxa3 e5 19. Nxe4 Be6+ 20. c4 Nxe4 21.
Qxe4 Qa4 22. Rb1 Rxb1 23. Qxb1 Bxc4+ 24. Bxc4 Qxc4+ 25. Qb3 Qxb3+ 26. Kxb3 exd4
27. Rd1 Ke7 28. Rxd4 Rb8+ 29. Kc2 Rb5 30. a4 Rd5 31. Rb4 a5 32. Rb6 Kd6 33. Rb7
Rf5 34. g3 Kc5 35. Kd3 g6 36. Ke4 h5 37. Kd3 Rd5+ 38. Kc3 Rf5 39. Kd3 f6 40.
Rg7 g5 41. fxg5 fxg5 42. Rh7 g4 43. Ke4 Rd5 44. Rh6 Kb4 45. Rxc6 Rd2 46. Rh6
Rxh2 47. Kf4 Kxa4 48. Kg5 Kb3 49. Rb6+ Ka3 50. Ra6 a4 51. Ra8 Kb3 52. Kg6 a3
53. Rb8+ Ka2 54. Ra8 Kb2 55. Rb8+ Ka1 56. Ra8 a2 57. Rb8 Rb2 58. Ra8 Kb1 59.
Kxh5 Rb4 60. Kh4 a1=Q 61. Ra5 Qf6+ 62. Kh5 Qf7+ 63. Kh4 Qe7+ 64. Kh5 Qe8+ 65.
Kh4 Qd8+ 66. Rg5 Ra4 0-1

[Event "Madrid ch 2022-2023 Final"]
[Site "Madrid ESP"]
[Date "2023.05.27"]
[Round "6.5"]
[White "Moreno Ruiz, Javier"]
[Black "Barraza Caracuel, Ignacio"]
[Result "1-0"]
[WhiteElo "2430"]
[BlackElo "2042"]
[PlyCount "81"]
[EventDate "2023.05.22"]
[EventType "swiss"]
[EventRounds "7"]
[SourceTitle "Ajedrez en Madrid"]
[Source "lmi"]
[SourceDate "2023.05.22"]
[SourceVersion "1"]
[SourceVersionDate "2023.05.29"]
[SourceQuality "1"]

1. d4 Nf6 2. c4 g6 3. Nc3 d5 4. cxd5 Nxd5 5. e4 Nxc3 6. bxc3 Bg7 7. Bc4 c5 8.
Ne2 O-O 9. O-O Nc6 10. Be3 Qc7 11. Rc1 Na5 12. Bd3 e5 13. f4 c4 14. Bb1 exd4
15. Nxd4 Bd7 16. f5 Rfe8 17. Qf3 Bc6 18. Rce1 Rad8 19. Qh3 Qd6 20. Ne6 fxe6 21.
f6 Bxf6 22. Rxf6 Qe5 23. Ref1 Rd1 24. Rxg6+ hxg6 25. Rxd1 b6 26. Rf1 Rf8 27.
Rxf8+ Kxf8 28. Bd4 Qh5 29. Qxh5 gxh5 30. Kf2 Be8 31. Be5 Nc6 32. Bd6+ Kg7 33.
Bc2 b5 34. e5 Bg6 35. Bd1 b4 36. Ba4 Be4 37. cxb4 c3 38. Ke3 c2 39. Kd2 Nd4 40.
Bc5 Nf5 41. Bxc2 1-0